Quiz o Rzeszowie - Statystyki

Ogólne statystyki
  • Ten quiz został rozwiązany 13 razy
  • Średni wynik to 7 z 10
Statystyki odpowiedzi
Hint Odpowiedź % Poprawnych
Województwo, gdzie położony jest Rzeszów Podkarpackie
100%
Tablice rejestracyjne RZ
100%
Rzeka płynąca przez Rzeszów Wisłok
100%
Prezydent Konrad Fijołek
85%
Strefa numeracyjna 17
62%
Ludność (w tysiącach) 197
62%
Aglomeracja Rzeszowska
62%
Prawa miejskie (rok) 1354
54%
W Rzeszowie znajduje się Dzwon ______________ Niepodległości
23%
Powierzchnia 129,01
15%
Nie znaleziono quizów pasujących do podanych kryteriów
Rozkład punktacji
Procent ludzi z każdym wynikiem
Percentyl według liczby udzielonych odpowiedzi
Twoja historia wyników
Nie rozwiązałeś tego quizu